| 000 | 00891nam a2200217 a 4500 | ||
|---|---|---|---|
| 008 | 120416s1970 ||||||||||||||||| || u | ||
| 020 | _a0192850407 | ||
| 050 | _aGN 490 Afr | ||
| 100 | _aEvans-Pritchard, Edward Evans, 1902- | ||
| 245 | 1 | 0 |
_aAfrican political systems _cedited by M. Fortes |
| 260 |
_aLondon _bOxford University Press _c1970. |
||
| 300 | _axxiii, 302p. : ill. | ||
| 350 | _a0.00 | ||
| 650 | _aIndigenous peoples--Africa | ||
| 650 | _aPolitical anthropology--Africa | ||
| 650 | _aTRIBAL GOVERNMENT | ||
| 650 | _aANTHROPOLOGY | ||
| 700 | _aFortes, M | ||
| 995 |
_aMAIN LIBRARY OPEN ACCESS _D0.00 _e716342 _FCBU-MAIN LIBRARY (Kitwe) _H1 _I4.75 _jGN 490 Afr _M1 _UAVAILABLE _y000666 _ZMain Library Open Access Collection |
||
| 995 |
_aMAIN LIBRARY OPEN ACCESS _D0.00 _e707462 _FCBU-MAIN LIBRARY (Kitwe) _H2 _I4.75 _jGN 490 Afr _M2 _UAVAILABLE _y000667 _ZMain Library Open Access Collection |
||
| 999 |
_c83801 _d83801 |
||